000 00462nam a2200181Ia 4500
003 GCL
008 140319s9999 xx 000 0 eng d
040 _aGCL /
_cGCL
082 0 4 _a780
_bY U
100 1 _aYUDKIN, JEREMY
245 1 0 _aUNDERSTANDING MUSIC /
_cYUDKIN, JEREMY
260 _a[S.N] :
_bPERNTICE HELL ،
_c1996
300 _a496
650 0 4 _aMUSIC
650 0 4 _aMUSIC - APPLECIATION
650 0 4 _aMUSIC - HISTORY AND CRITICISM
942 _2ddc
_cBK
999 _c10267
_d10267